000 01950nam0a2200337 i 4500
001 RU\NLR\BIBL_A\011345031
005 20260408044216.0
010 _a9785912583612
_9150
021 _aRU
_b2017-8359
_9607
035 _a(NLR Aleph) 011345031
090 _a11213144
_c11213145
100 _a20170313d2016 u y0rusy50 ca
101 0 _arus
102 _aRU
105 _aach g 000zd
200 1 _aЮрий Петрович Бочаров
_e[материалы к биобиблиографии]
_fМеждународная интернет-ассоциация транспортных систем городов и организации городского движения
_gсоставители: С.А. Ваксман, А.Ю. Бочарова
210 _aСанкт-Петербург
_cКОСТА
_d2016
215 _a94, [1] с.
_cил., цв. ил., факс., портр.
_d21
225 1 _aМатериалы к биобиблиографии ученых и специалистов транспортных систем городов и организации городского движения
_fгл. ред.: С.А. Ваксман
_vвып. 24
600 1 _aБочаров
_bЮ.П.
_f1926
_gЮрий Петрович
_jБиобиблиография
_92319701
_3RU\NLR\AUTH\6601612809
686 1 _aО8-022д(2)Бочаров
686 1 _aЩ113(2)7-8Бочаров
702 1 _aВаксман
_bС. А.
_f1939-
_gСемен Аронович
_4220
702 1 _aБочаров
_bЮ. П.
_f1926-
_gЮрий Петрович
_4570
712 0 2 _4570
_aМеждународная Интернет-ассоциация транспортных систем городов и организации городского движения
_9275082
_3RU\NLR\AUTH\8810192464
942 _cBOOK
980 _aNBR